LEADER 01465nam a2200289 a 4500 001 000000139807 003 CaOOAMICUS 005 20140922125940.0 008 140922s1962 it af u000 u ita r 040 $aPUL$bita 245 00$aChiesa e Stato nell'Ottocento :$bmiscellanea in onore di Pietro Pirri /$ca cura di R. Aubert, A. M. Ghisalberti, E. Passerin d'Entreves. 260 $aPadova :$bAntenore,$c1962. 300 $a2 v. :$bill., tav. ;$c25 cm 490 1 $aItalia sacra ;$v03-04 504 $aBibliografia in nota. 650 4$aChiesa e stato$ySec. XIX-XX.$0(OLS)http://pul/subject/2465 700 1 $aGhisalberti, Alberto Maria,$d1894-1986.$0(OLS)http://pul/name/7528 700 1 $aAubert, Roger,$d1914-$0(OLS)http://pul/name/3028 700 1 $aPirri, Pietro,$cS.I.,$d1881-1969.$0(OLS)http://pul/name/4860 700 1 $aPasserin d'Entrèves, Ettore.$0(OLS)http://pul/name/90135 830 0$aItalia sacra ;$v03-04.$0(OLS)http://pul/title/344 850 $aPUL 852 $aPUL$W1$xDP1 Filosofia 1$y19$m612 E 48$j161477$av. 1$qStampati$B160942$CPULBib$Z2$F160942 $H23581 $82 852 $aPUL$W1$xDP1 Filosofia 1$y19$m612 E 49$j161478$av. 2$qStampati$B160943$CPULBib$Z2$F160943 $H23582 $82 941 1 $a8 996 $6245$aChiesa e Stato nell'Ottocento :$bmiscellanea in onore di Pietro Pirri$9(OLS)http://pul/title/176971 996 $6260$aPadova :$bAntenore$9(OLS)http://pul/publisher/48020 LEADER 01221nam a2200301 u 4500 001 000000051195 003 CaOOAMICUS 005 20070226115317.0 008 000911s1990 it u000 u ita u 020 $a8821519422 035 $a10855171 040 $aPUL(R)$bita 100 1 $aGuasco, Maurilio,$csacerdote,$d1939-$0(OLS)http://pul/name/713 245 10$aSeminari e clero nel Novecento /$cMaurilio Guasco. 260 $aCinisello Balsamo :$bPaoline,$c1990. 300 $a270 p. ;$c21 cm 490 1 $aStoria della Chiesa.$aSaggi ;$v2 504 $aBibliografia in nota. 650 4$aClero$xStoria.$0(OLS)http://pul/subject/21504 650 4$aSeminari$zItalia$ySec. XX.$0(OLS)http://pul/subject/12792 830 0$aStoria della Chiesa.$pSaggi ;$v2.$0(OLS)http://pul/title/19180 850 $aPUL 852 $aPUL$W1$xDP1 Fondo Maccarrone$y58$m1521 G 43$j67836$nBK-PRI$b $qFondi$B67836$CPULBib$Z2$F67836 $H $81 941 1 $a1 961 $aINV: F.Maccarrone 996 $6020$a8821519422$9(OLS)http://pul/number/64785 996 $6245$aSeminari e clero nel Novecento$9(OLS)http://pul/title/68824 996 $6260$aCinisello Balsamo :$bPaoline$9(OLS)http://pul/publisher/55313